Kinh tế phát triển = Economic development

Na minha lista:
Detalhes bibliográficos
Formato: Livro
Idioma:Undetermined
Publicado em: Việt Nam Fulbright 2001
Assuntos:
Tags: Adicionar Tag
Sem tags, seja o primeiro a adicionar uma tag!
Thư viện lưu trữ: Trung tâm Học liệu Trường Đại học Cần Thơ
LEADER 00571nam a2200193Ia 4500
001 CTU_156124
008 210402s9999 xx 000 0 und d
082 |a 338.9 
082 |b K312/Vol.4 
245 0 |a Kinh tế phát triển = 
245 0 |b Economic development 
245 0 |c Fulbright 
260 |a Việt Nam 
260 |b Fulbright 
260 |c 2001 
650 |a Economic development,Kinh tế phát triển 
650 |x Study and teaching,Dạy và học 
904 |i Trọng Hiếu 
980 |a Trung tâm Học liệu Trường Đại học Cần Thơ